| 000 | 00626nam a2200241Ia 4500 | ||
|---|---|---|---|
| 003 | 0100 | ||
| 008 | 130303s9999 xx 000 0 und d | ||
| 020 | _a1890951358 | ||
| 040 | _cARRUPELIB | ||
| 050 | _aDT365.5.C4613 2003 | ||
| 100 | _aChretien, Jean-Pierre | ||
| 245 | 4 | _aThe Great Lakes of Africa | |
| 245 | _btwo thousand years of history | ||
| 260 | _aNew York | ||
| 260 | _bZone Books | ||
| 260 | _C2003 | ||
| 300 | _a503p. | ||
| 300 | _b 23 cm | ||
| 650 | _bBody, Human--Religious aspects--Catholic church | ||
| 650 | _cCatholic church--Doctrines | ||
| 700 | _aStraus, Scott (tr.) | ||
| 942 |
_2lcc _08 |
||
| 999 |
_c63387 _d63387 |
||